LEADER 02898nam 2200613 a 450 001 9910455493403321 005 20200520144314.0 010 $a0-8078-6123-5 035 $a(CKB)111087027917616 035 $a(EBL)413224 035 $a(OCoLC)476236323 035 $a(SSID)ssj0000112690 035 $a(PQKBManifestationID)11142605 035 $a(PQKBTitleCode)TC0000112690 035 $a(PQKBWorkID)10097505 035 $a(PQKB)10080461 035 $a(MiAaPQ)EBC413224 035 $a(Au-PeEL)EBL413224 035 $a(CaPaEBR)ebr10047146 035 $a(EXLCZ)99111087027917616 100 $a20020411d2002 uy 0 101 0 $aeng 135 $aur|n|---||||| 181 $ctxt 182 $cc 183 $acr 200 12$aA bitter peace$b[electronic resource] $eWashington, Hanoi, and the making of the Paris agreement /$fPierre Asselin 210 $aChapel Hill $cUniversity of North Carolina Press$dc2002 215 $a1 online resource (296 p.) 225 1 $aThe new Cold War history 300 $aDescription based upon print version of record. 311 $a0-8078-5417-4 311 $a0-8078-2751-7 320 $aIncludes bibliographical references (p. 247-263) and index. 327 $aContents; Preface; Acknowledgments; Abbreviations; 1. The First Round 1968?1971; 2. Détente and the Spring Offensive January?June 1972; 3. Serious Bargaining July?September 1972; 4. From Consensus to Discord October 1972; 5. Accommodating Thieu November 1972; 6. Showdown December 1972; 7. Final Round January 1973; Epilogue: Beyond the Paris Agreement 1973?1975; Appendix A: "Agreement on Ending the War and Restoring Peace in Viet-Nam" (20 October 1972); Appendix B: "Agreement on Ending the War and Restoring Peace in Viet-Nam" (signed in Paris 27 January 1973 by the four parties) 327 $aAppendix C: "Agreement on Ending the War and Restoring Peace in Viet-Nam" (signed in Paris on 27 January 1973 by the United States and North Vietnam)Notes; Bibliography; Index; 330 $aDemonstrating the centrality of diplomacy in the Vietnam War, Pierre Asselin traces the secret negotiations that led up to the Paris Agreement of 1973, which ended America's involvement but failed to bring peace to Vietnam. 410 0$aNew Cold War history. 606 $aVietnam War, 1961-1975$xPeace 606 $aVietnam War, 1961-1975$xDiplomatic history 607 $aUnited States$xForeign relations$zVietnam 607 $aVietnam$xForeign relations$zUnited States 608 $aElectronic books. 615 0$aVietnam War, 1961-1975$xPeace. 615 0$aVietnam War, 1961-1975$xDiplomatic history. 676 $a959.704/31 700 $aAsselin$b Pierre$0696720 801 0$bMiAaPQ 801 1$bMiAaPQ 801 2$bMiAaPQ 906 $aBOOK 912 $a9910455493403321 996 $aA bitter peace$91938148 997 $aUNINA LEADER 01412nam 2200397Ia 450 001 9910699673603321 005 20230902162207.0 035 $a(CKB)5470000002404198 035 $a(OCoLC)664831377 035 $a(EXLCZ)995470000002404198 100 $a20100922d2004 ua 0 101 0 $aeng 135 $aurbn||||||||| 181 $ctxt$2rdacontent 182 $cc$2rdamedia 183 $acr$2rdacarrier 200 00$aAdditional adverse effect of boric acid leakage$b[electronic resource] $epotential impact on post-accident coolant ph 210 1$aWashington, DC :$cU.S. Nuclear Regulatory Commission, Office of Nuclear Reactor Regulation,$d[2004] 215 $a1 online resource (3, 1 page) 225 1 $aNRC information notice ;$v2004-21 300 $aTitle from PDF title screen (viewed on Sept. 22, 2010). 300 $a"November 24, 2004." 300 $a"ML043280614." 410 0$aNRC information notice ;$v2004-21. 517 $aAdditional adverse effect of boric acid leakage 606 $aBoric acid 606 $aNuclear reactors$xCooling 615 0$aBoric acid. 615 0$aNuclear reactors$xCooling. 712 02$aU.S. Nuclear Regulatory Commission.$bOffice of Nuclear Reactor Regulation. 801 0$bGPO 801 1$bGPO 906 $aBOOK 912 $a9910699673603321 996 $aAdditional adverse effect of boric acid leakage$93447343 997 $aUNINA